Emerging issues in indirect taxation in India: analysing the growth of service tax and electronic data interchange (Record no. 493128)

000 -LEADER
fixed length control field 00563cam a22001457a 4500
008 - FIXED-LENGTH DATA ELEMENTS--GENERAL INFORMATION
fixed length control field 180718b2005 xxu||||| |||| 00| 0 eng d
082 ## - DEWEY DECIMAL CLASSIFICATION NUMBER
Classification number APPPA/2004-05/DAV/12
100 ## - MAIN ENTRY--PERSONAL NAME
Personal name Dave, Somya T.
245 ## - TITLE STATEMENT
Title Emerging issues in indirect taxation in India: analysing the growth of service tax and electronic data interchange
Statement of responsibility, etc. by Somya T. Dave
260 ## - PUBLICATION, DISTRIBUTION, ETC.
Place of publication, distribution, etc. New Delhi
Name of publisher, distributor, etc. Indian Institute of Public Administration
Date of publication, distribution, etc. 2005
300 ## - PHYSICAL DESCRIPTION
Extent 117p.
500 ## - GENERAL NOTE
General note An APPPA M.Phil dissertation, 2004-05 (Guide: V.N. Alok)
650 ## - SUBJECT ADDED ENTRY--TOPICAL TERM
Topical term or geographic name entry element Indirect taxation - India
650 ## - SUBJECT ADDED ENTRY--TOPICAL TERM
Topical term or geographic name entry element Emerging
Holdings
Withdrawn status Lost status Damaged status Not for loan Permanent Location Current Location Date acquired Full call number Barcode Date last seen Price effective from Koha item type
        Indian Institute of Public Administration Indian Institute of Public Administration 2018-08-04 APPPA/2004-05/DAV/12 GR17285 2018-08-04 2018-08-04 GR

Powered by Koha